000 01027nam a2200265Ia 4500
001 Z_6173
008 220601s9999 xx 000 0 und d
020 _a978-607-12-0226-0
082 _a636.213 S83
100 1 _aSuárez Domínguez, Hermilo
_9110687
245 _aProducción de bovinos para carne en confinamiento: guía práctica para técnicos y productores / Hermilo Suárez Domínguez
260 _aMéxico : UACh
300 _a203 p.
503 _aej.1, ej.2, ej.4: Donación del Profesor Hermilo Suárez Domínguez \ ej.3: reposición por el título: Curso internacional de reproducción ovina. Memorias. Ministerio de Ciencia y Tecnología (Madrid, 2001) folleto 644(A1760)
504 _aBibliografía: p. 189 - 191
650 _a1. Ganado bovino
650 _aGanado de carne
_945067
650 _aGanado - Cría
650 _aProducción animalÌ
901 _a636.213 S83
902 _aM
905 _a5232272011 mx amn 8211113311spa16
942 _c1
999 _c217082
_d217082